000 00947nam a2200289Ia 4500
999 _c9878
_d9878
001 36156631
003 OCoLC
005 20241126110720.0
008 970103s1996 gau b 001 0 eng d
020 _a0915815273
020 _a0915815281 (pbk.)
040 _aAKK
_cAKK
_dASC
050 4 _aBT1102
_b.B222 1996
050 4 _aBT1102
_b.B222 1996
082 _a239
_bBAH
090 _aBT1102
_b.B222 1996
090 _aBT1102
_b.B222 1996
100 1 _aBahnsen, Greg L.
_917087
245 1 0 _aAlways ready :
_bdirections for defending the faith /
_cGreg L. Bahnsen ; edited by Robert R. Booth.
260 _aAtlanta, GA :
_bAmerican Vision ;
_aTexarkana, AR :
_bCovenant Media Foundation,
_cc1996.
300 _ax, 289 p. ;
_c23 cm.
504 _aIncludes bibliographical references and indexes.
650 0 _aApologetics.
_985
650 0 _aReformed Church
_xDoctrines.
_9618
700 1 _aBooth, Robert R.,
_d1955-
_917182
942 _2ddc
_cBK
_01